[Event "SG Bochum 3 - SK Sodingen/Castrop 2"]
[Site "Verbandsliga - Gruppe 1 2018/"]
[Date "2018.12.02"]
[Round "4.5"]
[White "Hessel, Malte"]
[Black "Blome, Simon"]
[Result "1/2-1/2"]
[WhiteElo "1888"]
[BlackElo "1879"]
[Annotator "Daniel"]
[PlyCount "67"]
[EventDate "2018.??.??"]

1. d4 Nf6 2. Nf3 e6 3. e3 c5 4. Bd3 Nc6 5. c3 d5 6. Nbd2 Be7 7. O-O O-O 8. dxc5
e5 9. e4 Bxc5 10. exd5 Nxd5 11. Nb3 Be7 12. Re1 Bf6 13. Be4 Nde7 14. Qc2 h6 15.
Be3 Qc7 16. Rad1 Bg4 17. h3 Bh5 18. Nbd2 Rfd8 19. Nf1 Rxd1 20. Rxd1 Rd8 $11 21.
Ng3 Bg6 22. Bxg6 Nxg6 23. Nf5 Nge7 24. Nxe7+ Qxe7 25. Rxd8+ Qxd8 26. Nd2 Bg5
27. Bxg5 Qxg5 28. Ne4 Qe7 29. Qd1 Kf8 30. Qd5 Qd8 31. Qc5+ Qe7 32. Qd5 Qd8 33.
Qc5+ Qe7 34. Qd5 1/2-1/2

[Event "SG Bochum 3 - SK Sodingen/Castrop 2"]
[Site "Verbandsliga - Gruppe 1 2018/"]
[Date "2018.12.02"]
[Round "4.6"]
[White "Shevchuk, Arseniy"]
[Black "Kock, Wolfgang"]
[Result "0-1"]
[WhiteElo "1821"]
[BlackElo "1970"]
[PlyCount "54"]
[EventDate "2018.??.??"]

1. e4 d6 2. d4 Nf6 3. Nc3 c6 4. Bc4 b5 5. Bd3 e5 6. Nge2 Be7 7. f4 Bg4 8. fxe5
dxe5 9. dxe5 Nfd7 10. Bf4 b4 11. Na4 Qa5 12. c3 Nxe5 13. Bxe5 Qxe5 14. O-O Bd6
15. g3 O-O 16. Qb3 Be6 17. Qc2 Nd7 18. Nd4 Bc5 19. Nxc5 Qxc5 20. Kg2 Ne5 21.
Nxe6 fxe6 22. Be2 Rfd8 23. Qb3 Rd2 24. Rae1 Nd3 25. Qxe6+ Kh8 26. cxb4 Nxe1+
27. Rxe1 Qe3 0-1

[Event "SG Bochum 3 - SK Sodingen/Castrop 2"]
[Site "Verbandsliga - Gruppe 1 2018/"]
[Date "2018.12.02"]
[Round "4.7"]
[White "Zwielich, Frank"]
[Black "Walny, Benjamin"]
[Result "1/2-1/2"]
[WhiteElo "1920"]
[BlackElo "1742"]
[PlyCount "57"]
[EventDate "2018.??.??"]

1. d4 Nf6 2. Nf3 d5 3. Bf4 e6 4. e3 Bd6 5. Bg3 O-O 6. Bd3 c5 7. c3 b6 8. Nbd2
Ba6 9. Bc2 Nc6 10. Ne5 Qc7 11. f4 Ne7 12. Bh4 Kh8 13. Bxf6 gxf6 14. Qh5 Nf5 15.
Nef3 Rg8 16. O-O-O Rg7 17. Bxf5 exf5 18. Qxf5 Re8 19. Rhe1 Qc6 20. Qxf6 Re6 21.
Qd8+ Rg8 22. Qh4 Bd3 23. Ng5 Rxg5 24. Qxg5 c4 25. f5 Be7 26. Qf4 Bd6 27. Qg5
Be7 28. Qf4 Bd6 29. Qg5 1/2-1/2

[Event "SG Bochum 3 - SK Sodingen/Castrop 2"]
[Site "Verbandsliga - Gruppe 1 2018/"]
[Date "2018.12.02"]
[Round "4.8"]
[White "Jung, Benn"]
[Black "Lucke, Thomas"]
[Result "1/2-1/2"]
[WhiteElo "1699"]
[BlackElo "1855"]
[Annotator "Daniel"]
[PlyCount "50"]
[EventDate "2018.??.??"]

1. b3 d5 2. Bb2 Bf5 3. g3 e6 4. Bg2 Nf6 5. f4 Bc5 6. d4 Bd6 7. h3 h5 8. e3 Ne4
9. Bxe4 Bxe4 10. Nf3 Nd7 11. Nbd2 Nf6 12. Rg1 c6 13. c3 $11 Qc7 14. Nxe4 Nxe4
15. Nd2 Nxd2 16. Qxd2 O-O-O 17. a3 f6 18. c4 dxc4 19. bxc4 e5 20. Qc2 exd4 21.
Qf5+ Qd7 22. Qxd7+ Rxd7 23. Bxd4 Bc7 24. Kf2 Ba5 25. Kf3 b6 1/2-1/2

[Event "Dortmunder SV 1 - SV Hamm 1"]
[Site "Verbandsliga - Gruppe 2 2018/"]
[Date "2018.12.02"]
[Round "4.1"]
[White "Spyrou, Emmanouil"]
[Black "Wichtrup, Jan-Louis"]
[Result "1/2-1/2"]
[WhiteElo "2149"]
[BlackElo "2016"]
[PlyCount "42"]
[EventDate "2018.??.??"]

1. d4 d5 2. c4 e6 3. Nc3 Nf6 4. Bg5 Be7 5. e3 O-O 6. Nf3 Nbd7 7. cxd5 Nxd5 8.
Bxe7 Qxe7 9. Bd3 Nxc3 10. bxc3 c5 11. O-O b6 12. e4 Bb7 13. a4 Nf6 14. Qe2 Rfc8
15. a5 cxd4 16. cxd4 Rc3 17. Rfe1 Qd8 18. a6 Bc8 19. Qd2 Rc7 20. Qf4 Bd7 21. h4
Be8 1/2-1/2

[Event "Dortmunder SV 1 - SV Hamm 1"]
[Site "Verbandsliga - Gruppe 2 2018/"]
[Date "2018.12.02"]
[Round "4.3"]
[White "Dukic, Dalibor"]
[Black "Mallee, Ralph"]
[Result "1/2-1/2"]
[WhiteElo "2030"]
[BlackElo "2074"]
[PlyCount "52"]
[EventDate "2018.??.??"]

1. c4 Nf6 2. Nc3 d5 3. cxd5 Nxd5 4. Nf3 c5 5. g3 g6 6. Bg2 Bg7 7. d4 Nc6 8. O-O
Nxc3 9. bxc3 cxd4 10. cxd4 Nxd4 11. Nxd4 Qxd4 12. Qxd4 Bxd4 13. Rb1 O-O 14. Ba3
Bb6 15. Rb2 Re8 16. Rc1 Rb8 17. Bc5 Bxc5 18. Rxc5 Rd8 19. f4 b6 20. Rc7 Rd7 21.
Rbc2 Rxc7 22. Rxc7 a5 23. Rxe7 Be6 24. a4 b5 25. axb5 Rxb5 26. Ra7 Rb2 1/2-1/2

[Event "Dortmunder SV 1 - SV Hamm 1"]
[Site "Verbandsliga - Gruppe 2 2018/"]
[Date "2018.12.02"]
[Round "4.4"]
[White "Wittmann, Rainer"]
[Black "Hufelschulte, Norbert"]
[Result "1/2-1/2"]
[WhiteElo "2013"]
[BlackElo "2012"]
[PlyCount "28"]
[EventDate "2018.??.??"]

1. e4 c5 2. Nf3 d6 3. d4 cxd4 4. Nxd4 Nf6 5. f3 e5 6. Nb3 Be6 7. c4 Nbd7 8. Be3
Rc8 9. Na3 a6 10. Qd2 Be7 11. Be2 O-O 12. O-O Qc7 13. Rfc1 Qb8 14. Rd1 Rfd8
1/2-1/2

[Event "Dortmunder SV 1 - SV Hamm 1"]
[Site "Verbandsliga - Gruppe 2 2018/"]
[Date "2018.12.02"]
[Round "4.5"]
[White "Vierbuchen, Joachim"]
[Black "Huettemann, Karl-Heinz"]
[Result "0-1"]
[WhiteElo "1908"]
[BlackElo "2008"]
[Annotator "Daniel"]
[PlyCount "77"]
[EventDate "2018.??.??"]

1. d4 d5 2. c4 e6 3. Nc3 Nf6 4. Bg5 Nbd7 5. e3 Bb4 6. Nf3 c5 7. cxd5 exd5 8.
Qc2 Qa5 9. Bd3 h6 10. Bxf6 Nxf6 11. O-O O-O 12. dxc5 Bxc3 13. Qxc3 Qxc3 14.
bxc3 Nd7 15. c4 Nxc5 16. Be2 dxc4 17. Bxc4 Be6 18. Bxe6 Nxe6 19. Nd4 Nxd4 20.
exd4 Rfd8 21. Rfd1 Rac8 22. Rd2 Rc4 23. Rad1 Rd5 24. f3 f5 25. f4 Kf7 26. Kf2
b5 27. h3 a5 28. a3 Rc3 29. Rd3 Rxd3 30. Rxd3 b4 31. axb4 axb4 32. Ke3 Rb5 33.
Rb3 Ke6 34. Kd2 Kd5 35. Kd3 h5 36. h4 g6 37. g3 Rb6 38. Kc2 Kc4 39. Kb2 {ZAo}
0-1

[Event "Dortmunder SV 1 - SV Hamm 1"]
[Site "Verbandsliga - Gruppe 2 2018/"]
[Date "2018.12.02"]
[Round "4.6"]
[White "Canzler, Harald"]
[Black "Woertler, Lars-Erik"]
[Result "1/2-1/2"]
[WhiteElo "1977"]
[BlackElo "1869"]
[PlyCount "29"]
[EventDate "2018.??.??"]

1. Nf3 Nf6 2. g3 c5 3. Bg2 Nc6 4. O-O g6 5. d3 Bg7 6. e4 d6 7. Nc3 O-O 8. h3
Rb8 9. Be3 b5 10. a3 a5 11. Qd2 b4 12. axb4 axb4 13. Ne2 e5 14. c3 Re8 15. Qc2
1/2-1/2

[Event "Dortmunder SV 1 - SV Hamm 1"]
[Site "Verbandsliga - Gruppe 2 2018/"]
[Date "2018.12.02"]
[Round "4.7"]
[White "Brieger, Sebastian"]
[Black "Brockmann, Fabian"]
[Result "0-1"]
[WhiteElo "1761"]
[BlackElo "1951"]
[PlyCount "108"]
[EventDate "2018.??.??"]

1. e4 c5 2. c3 g6 3. d4 cxd4 4. cxd4 d5 5. exd5 Nf6 6. Nf3 Nxd5 7. Nc3 Nxc3 8.
bxc3 Bg7 9. Be2 O-O 10. O-O b6 11. Bf4 Bb7 12. Qd2 Nd7 13. Bh6 Nf6 14. Bxg7
Kxg7 15. Rfd1 Rc8 16. Rac1 Ne4 17. Qe3 e6 18. c4 Qf6 19. Ne5 Rfd8 20. Bf3 Nd6
21. Ng4 Qf5 22. Nh6 Qf6 23. Ng4 Qe7 24. Bxb7 Nxb7 25. Qh6+ Kh8 26. Rd3 Qf8 27.
Qf4 f5 28. Ne5 Qg7 29. Nf3 Nc5 30. Rdd1 Ne4 31. d5 Nc3 32. Nd4 e5 33. Qd2 exd4
34. Re1 Rxc4 35. Qg5 Rf8 36. Re7 Qf6 37. Qxf6+ Rxf6 38. Rce1 Nxd5 39. Rxa7 Rf8
40. Rd7 Nf6 41. Rd6 Ne4 42. Rd7 Rfc8 43. f3 Rc1 44. Kf1 Rxe1+ 45. Kxe1 Rc1+ 46.
Ke2 Nc3+ 47. Kd3 Nxa2 48. Rd8+ Kg7 49. Ra8 Rd1+ 50. Kc2 Rg1 51. g3 Nb4+ 52. Kb3
Nc6 53. f4 Rc1 54. Kb2 Rc5 0-1

[Event "Dortmunder SV 1 - SV Hamm 1"]
[Site "Verbandsliga - Gruppe 2 2018/"]
[Date "2018.12.02"]
[Round "4.8"]
[White "Wolff, Torsten"]
[Black "Boelling, Andreas"]
[Result "1/2-1/2"]
[WhiteElo "1873"]
[BlackElo "1721"]
[PlyCount "75"]
[EventDate "2018.??.??"]

1. d4 d5 2. Nf3 Nf6 3. e3 e6 4. Bd3 c5 5. c3 c4 6. Bc2 Nc6 7. Nbd2 b5 8. O-O
Bb7 9. e4 Ne7 10. e5 Nd7 11. Ng5 g6 12. f4 Nf5 13. Qe2 h6 14. Ngf3 Be7 15. Ne1
Qb6 16. Ndf3 O-O-O 17. b3 Rdg8 18. b4 Qc6 19. a4 a6 20. Kf2 Nf8 21. Rg1 Kc7 22.
g3 Qd7 23. Ng2 Bd8 24. Bd2 Nh7 25. Ne3 Nxe3 26. Bxe3 Be7 27. g4 f5 28. exf6
Nxf6 29. Ne5 Qe8 30. Ke1 Bd6 31. a5 Nd7 32. Kd2 Bc8 33. Raf1 Nf8 34. g5 h5 35.
h4 Rg7 36. Rf2 Kb7 37. Rgf1 Re7 38. Qf3 1/2-1/2

[Event "SF Buer 1 - SF Essen-Katernberg  3"]
[Site "Verbandsliga - Gruppe 2 2018/"]
[Date "2018.12.02"]
[Round "4.1"]
[White "Rosen, Willy"]
[Black "Renk, Christoph"]
[Result "1-0"]
[WhiteElo "2084"]
[BlackElo "1945"]
[PlyCount "107"]
[EventDate "2018.??.??"]

1. e4 e5 2. Nf3 Nf6 3. d3 Nc6 4. Be2 d6 5. O-O Be7 6. c3 O-O 7. Nbd2 Re8 8. Qc2
Bf8 9. b4 a6 10. a3 d5 11. Re1 g6 12. Nf1 Bg7 13. Bg5 h6 14. Bh4 Qd6 15. Ne3
Ne7 16. h3 c6 17. c4 g5 18. Bg3 Ng6 19. Nd4 Ne7 20. Nb3 Ng6 21. Bf3 d4 22. c5
Qe7 23. Nc4 Be6 24. Nd6 Rf8 25. Na5 Rab8 26. Nac4 Ne8 27. Nf5 Qf6 28. Nxd4 Rd8
29. Nxe6 fxe6 30. Rad1 Qe7 31. Bh5 Nf4 32. Bxe8 Rdxe8 33. Qc3 Rd8 34. Bxf4 Rxf4
35. Re2 Qf6 36. Nd6 Rd7 37. g3 Rf3 38. Kg2 h5 39. Ne8 Qf7 40. Nxg7 Kxg7 41.
Qxe5+ Kg6 42. Red2 Rd8 43. Qb2 Rf8 44. Re2 h4 45. Qd2 hxg3 46. fxg3 Rxg3+ 47.
Kxg3 Qf3+ 48. Kh2 Rh8 49. Rg2 Qxh3+ 50. Kg1 Qh1+ 51. Kf2 Qh4+ 52. Ke2 Qh5+ 53.
Ke3 e5 54. Rdg1 1-0

[Event "SF Buer 1 - SF Essen-Katernberg  3"]
[Site "Verbandsliga - Gruppe 2 2018/"]
[Date "2018.12.02"]
[Round "4.2"]
[White "Schorra, Helmut"]
[Black "Krueger, Erich"]
[Result "1-0"]
[WhiteElo "2045"]
[BlackElo "1999"]
[PlyCount "63"]
[EventDate "2018.??.??"]

1. e4 c6 2. d4 d5 3. Nd2 dxe4 4. Nxe4 Nf6 5. Nxf6+ exf6 6. c3 Bd6 7. Bd3 O-O 8.
Qc2 Re8+ 9. Ne2 g6 10. Bh6 Nd7 11. O-O-O Nf8 12. h4 Qa5 13. Kb1 Be6 14. c4 b5
15. Bd2 Qa6 16. d5 cxd5 17. cxb5 Qb6 18. Be3 Qa5 19. Nd4 Bd7 20. Rc1 Rac8 21.
Qb3 Be5 22. Rxc8 Rxc8 23. h5 Ne6 24. Qxd5 Bxd4 25. Bxd4 Bxb5 26. Bxf6 Bxd3+ 27.
Qxd3 Nf4 28. hxg6 fxg6 29. Qd6 Qf5+ 30. Ka1 Nh5 31. Bc3 Rf8 32. Qd4 1-0

[Event "SF Buer 1 - SF Essen-Katernberg  3"]
[Site "Verbandsliga - Gruppe 2 2018/"]
[Date "2018.12.02"]
[Round "4.3"]
[White "Nautsch, Werner"]
[Black "Wilbert, Siegfried"]
[Result "1/2-1/2"]
[WhiteElo "2022"]
[BlackElo "1963"]
[PlyCount "136"]
[EventDate "2018.??.??"]

1. d4 d5 2. Nf3 Nf6 3. Bg5 c6 4. e3 Bf5 5. Bd3 Bxd3 6. Qxd3 Nbd7 7. Nbd2 h6 8.
Bh4 Qa5 9. O-O Rd8 10. c3 e6 11. Ne5 Be7 12. f4 Qc7 13. Rae1 O-O 14. e4 Nxe5
15. fxe5 Nxe4 16. Bxe7 Qxe7 17. Nxe4 dxe4 18. Qxe4 c5 19. dxc5 Qxc5+ 20. Kh1
Rd5 21. c4 Rd7 22. a3 a5 23. h3 Rfd8 24. Kh2 a4 25. Rf3 b6 26. b4 axb3 27. Rxb3
Rd4 28. Qb7 Rd1 29. Ree3 Qxc4 30. Rf3 R8d7 31. Qxb6 Qc1 32. Qe3 Qa1 33. Qc3
Rh1+ 34. Kg3 Qd1 35. a4 Rd2 36. Qe3 Qc2 37. Rd3 Rxg2+ 38. Kh4 Rhg1 39. Rd8+ Kh7
40. Qd3+ Qxd3 41. Rdxd3 Rg5 42. Rg3 R1xg3 43. Rxg3 Rxe5 44. Ra3 Ra5 45. Kg4 g5
46. Kh5 Kg7 47. Ra1 Rd5 48. h4 f6 49. hxg5 hxg5 50. Rb1 Rd7 51. a5 g4 52. Kxg4
Kg6 53. Ra1 f5+ 54. Kf4 Kf6 55. a6 e5+ 56. Ke3 Ra7 57. Ra5 Ke6 58. Kd3 Kf6 59.
Ke3 Ke6 60. Kd3 Kd6 61. Kc4 Ke6 62. Kd3 Rd7+ 63. Ke2 Ra7 64. Kd3 Kf6 65. Ke3
Kg5 66. Kf3 Kf6 67. Ke3 Kg5 68. Kf3 Kf6 1/2-1/2

[Event "SF Buer 1 - SF Essen-Katernberg  3"]
[Site "Verbandsliga - Gruppe 2 2018/"]
[Date "2018.12.02"]
[Round "4.4"]
[White "Andersen, Knut"]
[Black "Mueller-Clostermann, Bruno"]
[Result "0-1"]
[WhiteElo "1876"]
[BlackElo "2045"]
[PlyCount "72"]
[EventDate "2018.??.??"]

1. d4 f5 2. g3 Nf6 3. Bg2 d6 4. Nf3 e6 5. O-O Be7 6. c4 O-O 7. Nc3 Ne4 8. Qc2
Nxc3 9. Qxc3 a5 10. Be3 Bf6 11. Qc2 e5 12. dxe5 dxe5 13. Rfd1 Qe8 14. Rac1 Qh5
15. Bc5 Re8 16. Ne1 Ra6 17. Bf3 Qg6 18. Qb3 e4 19. Bg2 Nc6 20. Be3 a4 21. Qc2
Qh5 22. a3 Ne5 23. Bf4 g5 24. Bxe5 Bxe5 25. c5 Be6 26. Rd2 Bb3 27. Qb1 f4 28.
c6 e3 29. Rd7 exf2+ 30. Kxf2 fxg3+ 31. hxg3 Bxg3+ 32. Kf1 Qxe2+ 33. Kg1 Qh5 34.
Nf3 Rxc6 35. Rxc6 bxc6 36. Qf5 Be6 0-1

[Event "SF Buer 1 - SF Essen-Katernberg  3"]
[Site "Verbandsliga - Gruppe 2 2018/"]
[Date "2018.12.02"]
[Round "4.5"]
[White "Geerlings, Gerd"]
[Black "Seppelfricke, Guido"]
[Result "0-1"]
[WhiteElo "2024"]
[BlackElo "1898"]
[PlyCount "77"]
[EventDate "2018.??.??"]

1. Nf3 c5 2. c4 Nc6 3. Nc3 Nf6 4. d4 cxd4 5. Nxd4 d6 6. g3 Qb6 7. Nc2 Ne5 8.
Ne3 Bd7 9. Bg2 e6 10. O-O Be7 11. b3 O-O 12. Nc2 Rac8 13. e4 a6 14. h3 Rfd8 15.
Nd4 Qa5 16. Bd2 Qc7 17. Qe2 Nc6 18. Nc2 Na7 19. a4 Nc6 20. Be3 d5 21. exd5 exd5
22. Nxd5 Nxd5 23. cxd5 Na5 24. Nd4 Bf6 25. Rac1 Qd6 26. Qd3 Qa3 27. Bd2 Rxc1
28. Bxc1 Qa2 29. Bd2 b6 30. Bxa5 bxa5 31. d6 Bxd4 32. Qxd4 Qxb3 33. Ra1 Qb4 34.
Qe5 Be6 35. Rd1 Qxa4 36. Rd4 Qb5 37. Qe3 h6 38. f4 Qc5 39. f5 0-1

[Event "SF Buer 1 - SF Essen-Katernberg  3"]
[Site "Verbandsliga - Gruppe 2 2018/"]
[Date "2018.12.02"]
[Round "4.6"]
[White "Kreitling, Oliver"]
[Black "Riesenbeck, Juergen"]
[Result "1/2-1/2"]
[WhiteElo "1824"]
[BlackElo "2008"]
[PlyCount "37"]
[EventDate "2018.??.??"]

1. d4 Nf6 2. c4 g6 3. Nc3 d5 4. cxd5 Nxd5 5. e4 Nxc3 6. bxc3 Bg7 7. Be3 c5 8.
Rb1 O-O 9. Qd2 cxd4 10. cxd4 b6 11. Nf3 Bb7 12. Bd3 e6 13. O-O Nc6 14. e5 Rc8
15. Rfc1 Qd7 16. Bb5 Qd5 17. Bc4 Qd7 18. Bb5 Qd5 19. Bc4 1/2-1/2

[Event "SF Buer 1 - SF Essen-Katernberg  3"]
[Site "Verbandsliga - Gruppe 2 2018/"]
[Date "2018.12.02"]
[Round "4.7"]
[White "Gehrmann, Ulrich"]
[Black "Olschewski, Niklas"]
[Result "1-0"]
[WhiteElo "1964"]
[BlackElo "1659"]
[PlyCount "65"]
[EventDate "2018.??.??"]

1. e4 c5 2. Ne2 e6 3. Nbc3 a6 4. a4 Nc6 5. g3 Nf6 6. Bg2 Be7 7. O-O O-O 8. d4
cxd4 9. Nxd4 Qc7 10. Nxc6 bxc6 11. Be3 a5 12. Qd4 Rb8 13. Bf4 d6 14. e5 Nd5 15.
exd6 Bxd6 16. Bxd6 Qxd6 17. Ne4 Qe7 18. b3 Nb4 19. Rac1 Ba6 20. Rfd1 Rfd8 21.
Qc5 Qc7 22. Bf1 Bxf1 23. Kxf1 Nd5 24. Nd2 Qe5 25. Nc4 Qe4 26. Kg1 Nc3 27. Re1
Ne2+ 28. Kf1 Qf3 29. Ne5 Qe4 30. f3 Rd5 31. Rxe2 Qxe2+ 32. Kxe2 Rxc5 33. Nd7
1-0

[Event "SF Buer 1 - SF Essen-Katernberg  3"]
[Site "Verbandsliga - Gruppe 2 2018/"]
[Date "2018.12.02"]
[Round "4.8"]
[White "Binias, Siegfried"]
[Black "Sauer, Bernd"]
[Result "0-1"]
[WhiteElo "1589"]
[BlackElo "1917"]
[PlyCount "74"]
[EventDate "2018.??.??"]

1. e4 c6 2. d4 d5 3. Nc3 dxe4 4. Nxe4 Nf6 5. Ng3 h5 6. h4 Bg4 7. Be2 Bxe2 8.
N1xe2 e6 9. Bg5 Nbd7 10. Qd2 Qb6 11. c3 O-O-O 12. Qc2 Be7 13. O-O-O Rhe8 14.
Nf4 g6 15. f3 Nd5 16. Nxd5 Bxg5+ 17. f4 exd5 18. fxg5 Qa6 19. Kb1 Re3 20. Qf2
Rde8 21. Rhe1 Rxe1 22. Rxe1 Qd3+ 23. Kc1 Rxe1+ 24. Qxe1 Kc7 25. Qf2 Kd6 26. Qf3
Qxf3 27. gxf3 Nf8 28. Kd2 Ne6 29. Ke3 Ng7 30. a3 Ke6 31. Kf4 b5 32. b3 Ne8 33.
Nf1 Nd6 34. Ne3 a6 35. b4 f6 36. Kg3 fxg5 37. hxg5 Nf5+ 0-1

[Event "Bochumer SV 2 - SV Bönen 1"]
[Site "Verbandsliga - Gruppe 2 2018/"]
[Date "2018.12.02"]
[Round "4.1"]
[White "Schlottmann, Fabian"]
[Black "Schneider, Bernd"]
[Result "1/2-1/2"]
[WhiteElo "2292"]
[BlackElo "2272"]
[PlyCount "33"]
[EventDate "2018.??.??"]

1. d4 g6 2. e4 Bg7 3. Nf3 c6 4. Nc3 d5 5. exd5 cxd5 6. Bf4 Nf6 7. Be2 Nc6 8.
O-O O-O 9. Re1 Bg4 10. Ne5 Bxe2 11. Nxc6 Bxd1 12. Nxd8 Rfxd8 13. Raxd1 e6 14.
Ne2 Rac8 15. c3 Ne4 16. Nc1 a5 17. Nd3 1/2-1/2

[Event "Bochumer SV 2 - SV Bönen 1"]
[Site "Verbandsliga - Gruppe 2 2018/"]
[Date "2018.12.02"]
[Round "4.2"]
[White "Heinbuch, Detlef Ulrich"]
[Black "Lenz, Guntram"]
[Result "1-0"]
[WhiteElo "2226"]
[BlackElo "1900"]
[PlyCount "51"]
[EventDate "2018.??.??"]

1. d4 Nf6 2. c4 e6 3. Nf3 Bb4+ 4. Bd2 Qe7 5. g3 Nc6 6. Bg2 Bxd2+ 7. Nbxd2 O-O
8. O-O d6 9. e4 e5 10. d5 Nb8 11. Ne1 a5 12. Nd3 Na6 13. a3 Bd7 14. b4 axb4 15.
axb4 c6 16. Qb3 cxd5 17. exd5 Bf5 18. Nb2 Qc7 19. Na4 Bd7 20. Nc3 Qb6 21. Na2
Rfc8 22. Rfc1 Ng4 23. Ne4 Nc5 24. Nxc5 Rxc5 25. h3 Nf6 26. Qe3 1-0

[Event "Bochumer SV 2 - SV Bönen 1"]
[Site "Verbandsliga - Gruppe 2 2018/"]
[Date "2018.12.02"]
[Round "4.3"]
[White "Fuest, Torsten"]
[Black "Kraemer, Matthias"]
[Result "1/2-1/2"]
[WhiteElo "1871"]
[BlackElo "2216"]
[PlyCount "69"]
[EventDate "2018.??.??"]

1. d4 Nf6 2. Bf4 c5 3. e3 d5 4. c3 Nc6 5. Nd2 Bf5 6. Qb3 Qc8 7. dxc5 e5 8. Bg5
Ne4 9. Nxe4 Bxe4 10. f3 Bf5 11. Qxd5 Be6 12. Qd2 f6 13. Bh4 Bxc5 14. Bd3 Qc7
15. Bf2 O-O-O 16. Qe2 Rd7 17. Nh3 Rhd8 18. O-O-O Qa5 19. Bc4 Rxd1+ 20. Rxd1
Rxd1+ 21. Kxd1 Qa4+ 22. b3 Bxc4 23. bxa4 Bxe2+ 24. Kxe2 Kc7 25. Kd3 Kd6 26. e4
Nd8 27. Kc4 Ne6 28. a5 Kc6 29. Bxc5 Nxc5 30. Nf2 Ne6 31. Nd3 Kd6 32. Kb5 Nc7+
33. Kc4 Ne6 34. Kb4 Kc6 35. Kc4 1/2-1/2

[Event "Bochumer SV 2 - SV Bönen 1"]
[Site "Verbandsliga - Gruppe 2 2018/"]
[Date "2018.12.02"]
[Round "4.4"]
[White "Spiess, Timo-Christian"]
[Black "Merz, Martin"]
[Result "1/2-1/2"]
[WhiteElo "2047"]
[BlackElo "2014"]
[PlyCount "29"]
[EventDate "2018.??.??"]

1. e4 c5 2. Nf3 d6 3. c3 Nf6 4. Bd3 g6 5. Bc2 Bg7 6. O-O O-O 7. h3 Nc6 8. d4
cxd4 9. cxd4 Nb4 10. Bb3 e5 11. Nc3 Nc6 12. dxe5 dxe5 13. Qxd8 Rxd8 14. Bg5 h6
15. Bxf6 1/2-1/2

[Event "Bochumer SV 2 - SV Bönen 1"]
[Site "Verbandsliga - Gruppe 2 2018/"]
[Date "2018.12.02"]
[Round "4.5"]
[White "Helmert, Jochen"]
[Black "Niekrens, Stefan"]
[Result "1-0"]
[WhiteElo "1900"]
[BlackElo "2028"]
[PlyCount "69"]
[EventDate "2018.??.??"]

1. e4 d5 2. exd5 Nf6 3. c4 e6 4. dxe6 Bxe6 5. d4 Bb4+ 6. Bd2 Bxd2+ 7. Qxd2 Qe7
8. Qe2 Nc6 9. Nf3 O-O-O 10. d5 Rhe8 11. Nc3 Bxd5 12. O-O-O Qc5 13. Qd3 Bxf3 14.
Qxf3 Qg5+ 15. Kb1 Rxd1+ 16. Qxd1 Qf5+ 17. Bd3 Qxf2 18. Qf1 Qxf1+ 19. Rxf1 Nd4
20. c5 Re5 21. Bc4 Ne6 22. b4 a5 23. a3 axb4 24. axb4 Ne4 25. Kc2 Nxc3 26. Kxc3
f6 27. Ra1 c6 28. Ra8+ Kd7 29. Rg8 Rg5 30. g3 Nd8 31. Bd3 h6 32. g4 Ke7 33. Bf5
Nf7 34. h4 Rxf5 35. gxf5 1-0

[Event "Bochumer SV 2 - SV Bönen 1"]
[Site "Verbandsliga - Gruppe 2 2018/"]
[Date "2018.12.02"]
[Round "4.6"]
[White "Hinkmann, Jens"]
[Black "Schoetz, Hans-Joachim"]
[Result "1-0"]
[WhiteElo "2008"]
[BlackElo "1884"]
[PlyCount "31"]
[EventDate "2018.??.??"]

1. Nc3 c5 2. e4 d6 3. g3 a6 4. Bg2 e6 5. Nge2 Qc7 6. O-O h5 7. h3 Nc6 8. d4
cxd4 9. Nxd4 Bd7 10. a4 Nge7 11. Ndb5 axb5 12. Nxb5 Qb8 13. Nxd6+ Kd8 14. Nxf7+
Kc8 15. Nxh8 Be8 16. Qf3 1-0

[Event "Bochumer SV 2 - SV Bönen 1"]
[Site "Verbandsliga - Gruppe 2 2018/"]
[Date "2018.12.02"]
[Round "4.7"]
[White "Moenkemeyer, Maik"]
[Black "Goralski, Christian"]
[Result "1-0"]
[WhiteElo "1739"]
[BlackElo "1967"]
[PlyCount "167"]
[EventDate "2018.??.??"]

1. d4 d5 2. Nf3 Nf6 3. e3 e6 4. c3 c5 5. Bd3 Nc6 6. Nbd2 Qb6 7. Qe2 Be7 8. dxc5
Bxc5 9. O-O O-O 10. e4 dxe4 11. Nxe4 Be7 12. Nfg5 Nxe4 13. Qxe4 f5 14. Qe2 Bxg5
15. Bxg5 e5 16. Be3 Qc7 17. Bc4+ Kh8 18. Rad1 f4 19. Bc5 f3 20. gxf3 Bh3 21.
Bxf8 Rxf8 22. Kh1 Bxf1 23. Rxf1 Rf4 24. Rg1 Rh4 25. Rg3 Ne7 26. Be6 Qd6 27. Rh3
Rf4 28. Qc2 g6 29. Bb3 Nf5 30. Qd1 Qxd1+ 31. Bxd1 h5 32. Bc2 h4 33. Bxf5 gxf5
34. Kg2 Kg7 35. Kf1 Kf6 36. Ke2 Kg5 37. b3 b5 38. Rg3+ Kf6 39. Rg8 e4 40. fxe4
Rxe4+ 41. Kf3 a6 42. Rc8 Kg5 43. h3 Re6 44. c4 bxc4 45. bxc4 Rd6 46. c5 Rd3+
47. Kg2 Rc3 48. c6 Kf4 49. c7 Rc2 50. Ra8 Rxc7 51. Rxa6 Rc2 52. Ra8 Rb2 53. a4
Rb6 54. Rh8 Rg6+ 55. Kh1 Kf3 56. Rxh4 f4 57. Rg4 Ra6 58. Rg2 Rxa4 59. h4 Ra6
60. h5 Ke2 61. Rg6 Ra5 62. Kg2 Rxh5 63. Re6+ Kd3 64. Kf3 Rh4 65. Rd6+ Kc4 66.
Rf6 Kd5 67. Rxf4 Rh3+ 68. Kg4 Rh1 69. Kg5 Rg1+ 70. Kf6 Rg8 71. Kf7 Rg5 72. Rf6
Rg1 73. f4 Rf1 74. f5 Ra1 75. Re6 Rh1 76. Re2 Kd6 77. f6 Rf1 78. Kg7 Kd7 79. f7
Rg1+ 80. Kf8 Ra1 81. Rg2 Ke6 82. Kg7 Ra7 83. Re2+ Kf5 84. Kg8 1-0

[Event "Bochumer SV 2 - SV Bönen 1"]
[Site "Verbandsliga - Gruppe 2 2018/"]
[Date "2018.12.02"]
[Round "4.8"]
[White "Floeren, Philipp"]
[Black "Wegner, Stephan"]
[Result "1/2-1/2"]
[WhiteElo "1885"]
[BlackElo "1700"]
[Annotator "Daniel"]
[PlyCount "93"]
[EventDate "2018.??.??"]

1. e4 e6 2. d4 d5 3. exd5 exd5 4. Nf3 Nf6 5. Bd3 Be7 6. Bf4 O-O 7. O-O Nc6 8.
c3 Bg4 9. h3 Bxf3 10. Qxf3 Qd7 11. Nd2 Rfe8 12. Rfe1 g6 13. Re2 Nh5 14. Bh2 Bd6
15. Rae1 Bxh2+ 16. Kxh2 Ng7 17. Nb3 Rxe2 18. Rxe2 Ne6 19. g3 Rf8 $11 20. h4 h5
21. Qf6 Qe7 22. Qf3 Qd6 23. Qe3 Re8 24. Nc5 b6 25. Nb3 Re7 26. Qf3 Ned8 27. Nd2
Rxe2 28. Qxe2 Qe6 29. Nf3 Qxe2 30. Bxe2 f6 31. Ne1 Nf7 32. Nd3 Nd6 33. Nf4 Ne7
34. Bd3 Kf7 35. Kg2 f5 36. f3 c6 37. Kf2 b5 38. Bf1 Kf6 39. Nd3 Nc4 40. Ke2 Nb6
41. b3 a5 42. Ne5 a4 43. Kd3 Ke6 44. Be2 axb3 45. axb3 Nd7 46. f4 Nf6 47. Bf3
1/2-1/2

[Event "SV Recklinghausen-SÃ¼d 1 - SG Gladbeck "]
[Site "Verbandsliga - Gruppe 2 2018/"]
[Date "2018.12.02"]
[Round "4"]
[White "Mancic, Ivan"]
[Black "Beckmann, Klaus"]
[Result "1-0"]
[WhiteElo "2179"]
[BlackElo "2121"]
[PlyCount "63"]
[EventDate "2018.??.??"]

1. d4 d6 2. Nf3 Nf6 3. g3 g6 4. Bg2 Bg7 5. O-O O-O 6. c4 c6 7. Nc3 Qa5 8. e4
Qh5 9. Ng5 Qxd1 10. Rxd1 Na6 11. h3 h6 12. Nf3 Be6 13. d5 cxd5 14. cxd5 Bd7 15.
e5 Ne8 16. e6 fxe6 17. dxe6 Bc6 18. Nd5 Bxd5 19. Rxd5 Nac7 20. Rd1 d5 21. Be3
Nf6 22. Nd4 Rfc8 23. Rac1 Ne4 24. Ne2 g5 25. Bd4 Bxd4 26. Nxd4 Kg7 27. Nf5+ Kf6
28. Nxh6 Kxe6 29. Re1 Kf6 30. Ng4+ Kf5 31. Ne3+ Kf6 32. Rxc7 1-0

[Event "SV Recklinghausen-SÃ¼d 1 - SG Gladbeck "]
[Site "Verbandsliga - Gruppe 2 2018/"]
[Date "2018.12.02"]
[Round "4"]
[White "Callenberg, Ralf"]
[Black "HassenrÃ¼ck, Helmut"]
[Result "1/2-1/2"]
[WhiteElo "1996"]
[BlackElo "2115"]
[PlyCount "127"]
[EventDate "2018.??.??"]

1. c4 Nf6 2. g3 e6 3. Bg2 d5 4. Nf3 dxc4 5. Na3 Bxa3 6. bxa3 Nc6 7. Rb1 O-O 8.
O-O e5 9. Qc2 e4 10. Ng5 Nd4 11. Qxc4 b5 12. Qc5 Nxe2+ 13. Kh1 Nxc1 14. Rfxc1
Qxd2 15. Nxe4 Nxe4 16. Bxe4 Rb8 17. Qxa7 Be6 18. Rc2 Qd6 19. Qc5 Bc4 20. Qxd6
cxd6 21. Rd2 Rfd8 22. Rbd1 Rb6 23. Bd5 Kf8 24. Rb2 Ra6 25. Rd4 Ra4 26. Rb4
Bxd5+ 27. Rxd5 Rxa3 28. Rb2 Rda8 29. Rdxb5 Rxa2 30. Rxa2 Rxa2 31. Rb8+ Ke7 32.
Rb7+ Ke6 33. Kg2 g5 34. Kf3 h5 35. Rb8 Ke5 36. Re8+ Kd4 37. Re4+ Kd5 38. Re7 f5
39. Ke3 Ra3+ 40. Ke2 Kd4 41. Rh7 f4 42. gxf4 gxf4 43. Rxh5 f3+ 44. Kd2 Ra2+ 45.
Ke1 d5 46. Rf5 Ke4 47. Rf8 Re2+ 48. Kf1 d4 49. Re8+ Kd3 50. Rf8 Kc2 51. Rxf3 d3
52. Rf8 Re4 53. Rd8 d2 54. Rc8+ Kd1 55. f3 Re1+ 56. Kf2 Re2+ 57. Kf1 Rxh2 58.
Rc7 Rh4 59. Kf2 Rb4 60. Rd7 Rb2 61. f4 Kc1 62. Ke3 d1=Q 63. Rxd1+ Kxd1 64. Ke4
1/2-1/2